ロード中...

Introduction to Applied Optimization/

書誌詳細
第一著者: Diwekar, Urmila
フォーマット: Printed Book
言語:English
出版事項: Kluwer, 2003.
LEADER 00386nam a2200109Ia 4500
008 120707s9999 xx 000 0 eng d
100 |a Diwekar, Urmila 
245 0 |a Introduction to Applied Optimization/ 
260 |b Kluwer,  |c 2003. 
942 |c BK 
999 |c 133055  |d 133055 
952 |0 0  |1 0  |4 0  |6 90_000000000000000_DIW  |7 0  |9 147317  |a MAT  |b MAT  |c ST1  |d 2012-07-10  |i 3846  |l 0  |o 90 DIW  |p MAT3846  |r 2013-08-01  |w 2013-08-01  |y BK